[Event "TIPC 2017"]
[Site "Roux, Belgium"]
[Date "2017.07.29"]
[Round "1.1"]
[White "Henris, Luc"]
[Black "Gharamian, Tigran"]
[Result "0-1"]
[BlackElo "2616"]
[WhiteElo "2127"]
[LiveChessVersion "1.4.8"]

1. e4 c6 2. d4 d5 3. f3 e6 4. Nc3 Qb6 5. a3 Nd7 6. Bf4 Ne7 7. Nge2 Ng6 8. Bg3 Be7
9. Bf2 Qxb2 10. g3 Qb6 11. h4 O-O 12. h5 Nh8 13. Bh3 dxe4 14. fxe4 Qa5 15. h6 g6
16. Be3 e5 17. d5 Bc5 18. Bd2 Qc7 19. g4 Nb6 20. Ng3 f6 21. Qe2 Nf7 22. Rf1 Ng5
23. Bg2 Qd7 24. dxc6 bxc6 25. Bxg5 fxg5 26. Bf3 Qd4 27. Qd2 Qxd2+ 28. Kxd2 Nc4+
0-1

[Event "TIPC 2017"]
[Site "Roux, Belgium"]
[Date "2017.07.29"]
[Round "1.2"]
[White "Kveinys, Aloyzas"]
[Black "Mitran, Anthony Cristian"]
[Result "1-0"]
[BlackElo "2114"]
[WhiteElo "2542"]
[LiveChessVersion "1.4.8"]

1. d4 d5 2. c4 e6 3. Nc3 Nf6 4. cxd5 exd5 5. Bg5 Be7 6. e3 h6 7. Bh4 O-O 8. Bd3
b6 9. Nf3 Nbd7 10. O-O Bb7 11. Rc1 Re8 12. Bg3 a6 13. Ne5 c5 14. Nxd7 Nxd7 15.
Qf3 cxd4 16. exd4 Nf8 17. Be5 b5 18. Rfe1 Ne6 19. Qg4 Bd6 20. h4 Bxe5 21. Rxe5
Qd6 22. Rce1 Nc7 23. Qf5 g6 24. Qf4 Kg7 25. h5 Rxe5 26. dxe5 Qe6 27. hxg6 fxg6
28. Qg3 Re8 29. Ne2 Qf7 30. Nd4 Ne6 31. Nf5+ Kh7 32. Nd6 1-0

[Event "TIPC 2017"]
[Site "Roux, Belgium"]
[Date "2017.07.29"]
[Round "1.3"]
[White "Inkiov, Ventzislav"]
[Black "Soubirou, Oriane"]
[Result "1-0"]
[BlackElo "2095"]
[WhiteElo "2459"]
[LiveChessVersion "1.4.8"]

1. d4 e6 2. c4 f5 3. Nc3 Nf6 4. e3 Bb4 5. Bd3 O-O 6. Nge2 b6 7. f3 Bb7 8. Bd2 d5
9. cxd5 Nxd5 10. O-O Bd6 11. e4 fxe4 12. fxe4 Nxc3 13. bxc3 e5 14. Rxf8+ Qxf8 15.
Qb3+ Kh8 16. Rf1 Qd8 17. Qe6 Nc6 18. d5 Qe7 19. Qg4 Bc5+ 20. Kh1 Rf8 21. Rf3 Bc8
22. Qg3 Na5 23. c4 Ba6 24. Bxa5 bxa5 25. Ng1 Rb8 26. Rf1 Bxg1 27. Kxg1 Qc5+ 28.
Qf2 Qxf2+ 29. Rxf2 Kg8 30. Rc2 Kf7 31. Kf2 Ke7 32. Ke3 c5 33. dxc6 Rc8 34. c5
Rxc6 35. Bxa6 Rxa6 36. Kd3 Rh6 37. Kc4 Kd7 38. Kd5 Rxh2 39. c6+ Kc7 40. Rf2 g5
41. Rf7+ Kc8 42. g4 Rxa2 43. Rxa7 a4 44. Kd6 Rd2+ 45. Kxe5 Rc2 46. Rxa4 Rxc6 47.
Kf5 h6 48. Rd4 Rc1 49. e5 Rf1+ 50. Kg6 Rf4 51. Rxf4 gxf4 52. e6 f3 53. e7 1-0

[Event "TIPC 2017"]
[Site "Roux, Belgium"]
[Date "2017.07.29"]
[Round "1.4"]
[White "Uhoda, Philippe"]
[Black "Sochacki, Christophe"]
[Result "0-1"]
[BlackElo "2451"]
[WhiteElo "2090"]
[LiveChessVersion "1.4.8"]

1. d4 Nc6 2. e4 e6 3. Nf3 d5 4. Nc3 Nf6 5. e5 Ne4 6. Bd3 Bb4 7. Bd2 Nxd2 8. Qxd2
f5 9. h4 b6 10. a3 Bxc3 11. Qxc3 Bb7 12. b4 Qd7 13. Qd2 a5 14. Ke2 h6 15. c3 Ne7
16. Rag1 axb4 17. axb4 Ba6 18. Ra1 Bxd3+ 19. Qxd3 O-O 20. g3 Ra4 21. Rxa4 Qxa4
22. Nd2 c5 23. bxc5 bxc5 24. dxc5 f4 25. Qd4 Qa6+ 26. c4 Nc6 27. Qa1 f3+ 28. Ke3
d4+ 29. Ke4 Qb7 30. Rb1 Nb4+ 31. Kxd4 Rd8+ 0-1

[Event "TIPC 2017"]
[Site "Roux, Belgium"]
[Date "2017.07.29"]
[Round "1.5"]
[White "Miezis, Normunds"]
[Black "Marte, Sébastien"]
[Result "1-0"]
[BlackElo "2088"]
[WhiteElo "2447"]
[LiveChessVersion "1.4.8"]

1. c4 e6 2. e4 c5 3. Nc3 Nc6 4. d3 Nf6 5. f4 d5 6. e5 Nd7 7. a4 Nb4 8. Nf3 Be7 9.
Be2 O-O 10. cxd5 exd5 11. d4 Nb8 12. Be3 N8c6 13. O-O cxd4 14. Nxd4 Bc5 15. Rc1
Qb6 16. a5 Qxa5 17. Kh1 Bxd4 18. Bxd4 Nxd4 19. Qxd4 Rd8 20. Nb5 Nc6 21. Qc5 Qb6
22. Rfd1 Qxc5 23. Rxc5 Be6 24. Bf3 g6 25. g4 g5 26. f5 Nxe5 27. fxe6 Nxf3 28.
exf7+ Kf8 29. Nc7 b6 30. Rc3 1-0

[Event "TIPC 2017"]
[Site "Roux, Belgium"]
[Date "2017.07.29"]
[Round "1.6"]
[White "Van Houtte, Thierry"]
[Black "Godart, François"]
[Result "0-1"]
[BlackElo "2411"]
[WhiteElo "2079"]
[LiveChessVersion "1.4.8"]

1. Nf3 d5 2. g3 Nf6 3. Bg2 e6 4. O-O Be7 5. d4 O-O 6. c4 dxc4 7. Ne5 Nc6 8. Bxc6
bxc6 9. Nxc6 Qe8 10. Nxe7+ Qxe7 11. Na3 c5 12. dxc5 Qxc5 13. Be3 Qh5 14. f3 Nd5
15. Bf2 c3 16. bxc3 Ba6 17. c4 Nc3 18. Qd2 Qe5 19. Qe3 Qa5 20. Rfc1 Nxe2+ 21.
Qxe2 Qxa3 22. Qe3 Qa4 23. Qb3 Qc6 24. Rab1 h6 25. Qc3 Rfd8 26. Rb2 Rd7 27. Rcb1
Qxc4 28. Qxc4 Bxc4 29. Be3 a6 30. Kf2 Rd3 31. a4 Rad8 32. Rb4 Bd5 33. R1b2 Rc8
34. f4 Rcc3 35. Bd2 Rf3+ 36. Ke2 0-1

[Event "TIPC 2017"]
[Site "Roux, Belgium"]
[Date "2017.07.29"]
[Round "1.7"]
[White "Sagar, Shah"]
[Black "Van Uytven, Eric"]
[Result "1/2-1/2"]
[BlackElo "2059"]
[WhiteElo "2391"]
[LiveChessVersion "1.4.8"]

1. Nf3 Nf6 2. c4 b6 3. d4 e6 4. g3 Bb7 5. Bg2 Be7 6. O-O O-O 7. Nc3 Na6 8. Ne5 d5
9. Bf4 c5 10. dxc5 Nxc5 11. Rc1 Rc8 12. cxd5 exd5 13. Nb5 Qe8 14. Nd4 Bd6 15. Ng6
Bxf4 16. Nxf4 Qe5 17. Bh3 Rcd8 18. b4 Nce4 19. e3 Qb8 20. Qd3 Nd7 21. Nf3 Ne5 22.
Nxe5 Qxe5 23. Ne2 Bc8 24. Bg2 Be6 25. Nd4 Bd7 26. f4 Qe7 27. Bxe4 dxe4 28. Qb3
Rc8 29. Qd5 Bh3 30. Rxc8 Rxc8 31. Rd1 Qxb4 32. Nc6 Qf8 33. Qxe4 Re8 34. Qb4 Qxb4
35. Nxb4 f6 36. Kf2 Bf5 37. Nc6 a6 38. Rd6 b5 39. Nd4 Bc8 40. Nb3 Kf7 41. Nc5 Ke7
42. Rc6 Rd8 43. e4 Bg4 44. Ke3 Rc8 45. Rxc8 Bxc8 46. e5 fxe5 47. fxe5 Be6 48. a3
a5 1/2-1/2

[Event "TIPC 2017"]
[Site "Roux, Belgium"]
[Date "2017.07.29"]
[Round "1.8"]
[White "Ancion, Mérowig"]
[Black "Kukov, Velislav"]
[Result "0-1"]
[BlackElo "2386"]
[WhiteElo "2058"]
[LiveChessVersion "1.4.8"]

1. e4 d5 2. exd5 Qxd5 3. Nf3 Nf6 4. d4 Bg4 5. Be2 e6 6. O-O c6 7. h3 Bh5 8. c4
Qd8 9. Nc3 Be7 10. Qb3 Qb6 11. Qxb6 axb6 12. Be3 Nbd7 13. Rfd1 Bb4 14. Bd2 O-O
15. a3 Be7 16. Be3 Rfd8 17. Rd2 Bg6 18. Rad1 Ne4 19. Nxe4 Bxe4 20. Ng5 Bg6 21. d5
exd5 22. cxd5 c5 23. Bf4 Bf6 24. Nf3 Be4 25. g4 Bxf3 26. Bxf3 Be5 27. Be3 Bd6 28.
Be2 f6 29. f4 Ra4 30. Rf1 Re4 31. Rf3 Rxe3 32. Rxe3 Bxf4 33. Kf2 Kf7 34. Bd3
Bxe3+ 35. Kxe3 Ne5 36. Be2 Ke7 37. Ke4 Kd6 38. b3 Re8 39. Kf4 Ng6+ 40. Kf3 Re5
41. Bc4 Ne7 0-1

[Event "TIPC 2017"]
[Site "Roux, Belgium"]
[Date "2017.07.29"]
[Round "1.9"]
[White "Hautot, Stéphane"]
[Black "Gilles, Jean-Claude"]
[Result "1-0"]
[BlackElo "2050"]
[WhiteElo "2379"]
[LiveChessVersion "1.4.8"]

1. e4 c5 2. Nf3 Nc6 3. d4 cxd4 4. Nxd4 Nf6 5. Nc3 d6 6. Bg5 e6 7. f3 a6 8. Qd2
Bd7 9. O-O-O b5 10. Kb1 h5 11. h3 Qb6 12. Be3 Qc7 13. Bd3 Nxd4 14. Bxd4 b4 15.
Ne2 e5 16. Bf2 a5 17. g4 hxg4 18. hxg4 Rxh1 19. Rxh1 Bc6 20. g5 Nd7 21. g6 fxg6
22. Qg5 Nf6 23. Qxg6+ Qf7 24. Qg5 Qc7 25. Rh8 O-O-O 26. Qg1 Kb7 27. c4 bxc3 28.
Nxc3 d5 29. Qf1 dxe4 30. Nxe4 Nxe4 31. Bxe4 Bxe4+ 32. fxe4 Qc6 33. Qe2 Rc8 34. a3
Be7 35. Rh7 Bf6 36. Rh1 Bg5 37. Rg1 Bf6 38. Rd1 Qc4 39. Qe3 Qc2+ 40. Ka2 Qc4+ 41.
Ka1 Bd8 42. Qa7+ Kc6 1-0

[Event "TIPC 2017"]
[Site "Roux, Belgium"]
[Date "2017.07.29"]
[Round "1.10"]
[White "Israel, Grégory"]
[Black "Eden, James"]
[Result "0-1"]
[BlackElo "2361"]
[WhiteElo "2043"]
[LiveChessVersion "1.4.8"]

1. d4 d5 2. Bf4 Nf6 3. e3 c5 4. c3 Nc6 5. h3 Qb6 6. Qb3 c4 7. Qxb6 axb6 8. Nd2 b5
9. g4 e6 10. Bg2 b4 11. Ne2 Be7 12. O-O b5 13. b3 Bd7 14. a4 bxa3 15. b4 O-O 16.
Ra2 Ra7 17. e4 h6 18. Rb1 Kh8 19. exd5 exd5 20. Nf1 Rd8 21. Bd2 Ne4 22. Bxe4 dxe4
23. Neg3 Re8 24. Rba1 Rea8 25. Ne3 Kh7 26. Nxe4 g6 27. Nd5 Be6 28. Ne3 f5 29.
gxf5 gxf5 30. Nc5 Bxc5 31. dxc5 Ne5 32. f4 Rg7+ 33. Kf1 Nd3 34. Nc2 Rag8 35. Be3
Rg3 36. Rxa3 Rf3+ 37. Ke2 Rg2+ 38. Kd1 Rf1+ 0-1

[Event "TIPC 2017"]
[Site "Roux, Belgium"]
[Date "2017.07.29"]
[Round "1.11"]
[White "Capone, Nicola"]
[Black "Mokal, Amruta Sunil"]
[Result "1/2-1/2"]
[BlackElo "2041"]
[WhiteElo "2329"]
[LiveChessVersion "1.4.8"]

1. e4 c5 2. Nf3 e6 3. d4 cxd4 4. Nxd4 a6 5. Bd3 Nf6 6. O-O d6 7. c4 Be7 8. b3 O-O
9. Bb2 b6 10. Nd2 Bb7 11. Qe2 Nc6 12. Rad1 Nxd4 13. Bxd4 Nd7 14. f4 e5 15. Be3
exf4 16. Bxf4 Ne5 17. Bb1 Bg5 18. Bxe5 dxe5 19. Nf3 Qe7 20. Qf2 Rab8 21. Nxg5
Qxg5 22. Rd6 f5 23. Rxb6 f4 24. Rd6 f3 25. g3 h5 26. Kh1 Qg4 27. Re1 Rf7 28. c5
Rc8 29. b4 a5 30. a3 Kh7 31. Ba2 Rf6 32. Rxf6 gxf6 33. Bd5 Bxd5 34. exd5 axb4 35.
axb4 Qxb4 36. Rc1 Qe4 37. Qc2 Qxc2 38. Rxc2 e4 39. d6 e3 40. Kg1 Ra8 41. Rc1 Ra2
42. d7 Rg2+ 43. Kh1 Rd2 44. Kg1 Rg2+ 45. Kh1 Rd2 46. Kg1 e2 47. Re1 Rxd7 48. Kf2
Rd3 49. c6 Rc3 50. c7 Kg6 51. c8=Q Rxc8 52. Kxf3 Kf5 53. Rxe2 Rc3+ 54. Kg2 Kg4
55. Ra2 Rc4 56. h3+ Kg5 57. Ra5+ f5 58. Ra3 h4 1/2-1/2

[Event "TIPC 2017"]
[Site "Roux, Belgium"]
[Date "2017.07.29"]
[Round "1.12"]
[White "Jamar, Vadim"]
[Black "Verstraeten, Rein"]
[Result "0-1"]
[BlackElo "2316"]
[WhiteElo "2035"]
[LiveChessVersion "1.4.8"]

1. e4 c5 2. d4 cxd4 3. c3 Nf6 4. e5 Nd5 5. Qxd4 e6 6. Nf3 Nc6 7. Qe4 d6 8. Bb5
Bd7 9. c4 Nb6 10. exd6 Bxd6 11. O-O Qf6 12. Rd1 Bc5 13. Nc3 O-O 14. Qe2 Qf5 15.
Na4 Nxa4 16. Bxa4 Rad8 17. b4 Bxb4 18. Bc2 Qh5 19. Kh1 Ne7 20. g4 Qa5 21. Ng5 Ng6
22. h4 Bc6+ 23. f3 Qe5 24. Be3 h6 25. h5 hxg5 26. hxg6 Rxd1+ 27. Rxd1 fxg6 28.
Rf1 Bc5 29. Be4 Bxe4 30. Bxc5 Bxf3+ 31. Rxf3 Qxe2 32. Rxf8+ Kh7 0-1

[Event "TIPC 2017"]
[Site "Roux, Belgium"]
[Date "2017.07.29"]
[Round "1.13"]
[White "Hamblok, Roel"]
[Black "Maugenest, Gonzague"]
[Result "1-0"]
[BlackElo "2019"]
[WhiteElo "2305"]
[LiveChessVersion "1.4.8"]

1. d4 Nf6 2. Bf4 c5 3. e3 g6 4. c3 cxd4 5. cxd4 Bg7 6. Nc3 O-O 7. Nf3 a6 8. Be2
d5 9. O-O Bd7 10. Qb3 Bc6 11. Ne5 b5 12. Rfc1 Be8 13. a4 bxa4 14. Qb7 Nbd7 15.
Nc6 Qb6 16. Nxe7+ Kh8 17. Qxa8 1-0

[Event "TIPC 2017"]
[Site "Roux, Belgium"]
[Date "2017.07.29"]
[Round "1.14"]
[White "Bruno, Ricardo"]
[Black "Le Quang, Kim"]
[Result "1/2-1/2"]
[BlackElo "2279"]
[WhiteElo "2002"]
[LiveChessVersion "1.4.8"]

1. Nf3 f5 2. e4 fxe4 3. Ng5 Nf6 4. d3 e3 5. Bxe3 e5 6. d4 exd4 7. Qxd4 Nc6 8. Qh4
d5 9. Bd3 Ne5 10. O-O Nxd3 11. cxd3 Be7 12. Re1 O-O 13. Bd4 h6 14. Ne6 Bxe6 15.
Rxe6 c5 16. Be5 Kf7 17. Qh3 Qc8 18. Rxe7+ Kxe7 19. Qg3 Kf7 20. Bxf6 gxf6 21. Nc3
Qd7 22. Qf4 Kg7 23. Ne2 Rae8 24. Ng3 Re5 25. d4 cxd4 26. Qxd4 Rfe8 27. h3 Kh8 28.
f4 R5e6 29. Rd1 Qg7 30. Nf5 Qg6 31. Qxd5 Re2 32. Rd3 Rxg2+ 33. Qxg2 Qxf5 34. Qd2
Rg8+ 35. Kf2 Qg6 36. Rd8 Qg2+ 37. Ke1 Qe4+ 38. Kf2 Rxd8 39. Qxd8+ Kg7 40. Qd7+
1/2-1/2

[Event "TIPC 2017"]
[Site "Roux, Belgium"]
[Date "2017.07.29"]
[Round "1.15"]
[White "Tomov, Georgi"]
[Black "Callier, Christophe"]
[Result "1-0"]
[BlackElo "1997"]
[WhiteElo "2273"]
[LiveChessVersion "1.4.8"]

1. Nf3 Nc6 2. d4 d5 3. Bf4 Bg4 4. e3 e6 5. Be2 Nf6 6. h3 Bf5 7. O-O Bd6 8. Bxd6
cxd6 9. c4 dxc4 10. Bxc4 d5 11. Bb5 O-O 12. Nbd2 Rc8 13. Qa4 a6 14. Bxc6 Rxc6 15.
Rfc1 Rxc1+ 16. Rxc1 Qb8 17. Qa5 Rc8 18. Rc3 h6 19. Ne5 Rxc3 20. Qxc3 Ne4 21. Nxe4
Bxe4 22. Qc5 Qd8 23. f3 Bb1 24. a4 f6 25. Ng4 Bf5 26. Nf2 Bg6 27. a5 e5 28. Nd1
exd4 29. exd4 Bf7 30. Ne3 Qd7 31. Kf2 h5 32. h4 g5 33. Qc2 Qb5 34. hxg5 fxg5 35.
Qc8+ Kh7 36. Qf8 Qxb2+ 37. Kg3 Kg6 38. Qd6+ Kh7 39. Nf5 h4+ 40. Kh2 1-0

[Event "TIPC 2017"]
[Site "Roux, Belgium"]
[Date "2017.07.30"]
[Round "2.1"]
[White "Gharamian, Tigran"]
[Black "Van Mechelen, Jan"]
[Result "1/2-1/2"]
[BlackElo "2247"]
[WhiteElo "2616"]
[LiveChessVersion "1.4.8"]

1. e4 c5 2. Nf3 d6 3. d4 cxd4 4. Nxd4 Nf6 5. Nc3 a6 6. Be2 e5 7. Nf3 Qc7 8. a4
Be7 9. Bg5 Nbd7 10. Nd2 h6 11. Bh4 g5 12. Bg3 Nf8 13. Nc4 Be6 14. Ne3 Rc8 15.
Ncd5 Nxd5 16. exd5 Bd7 17. Bd3 Ng6 18. c3 Bf6 19. Qf3 Nf4 20. Be4 Rb8 21. O-O Qc8
22. Qd1 b5 23. axb5 axb5 24. Qc2 b4 25. Nf5 Qc5 26. cxb4 Qxb4 27. Qc7 Bxf5 28.
Bxf5 O-O 29. Ra6 Nxd5 30. Qxd6 Rfd8 31. Qxb4 Rxb4 32. Rd1 Kg7 33. Ra5 Nf4 34.
Rxd8 Ne2+ 35. Kf1 Nxg3+ 36. hxg3 Bxd8 37. Rxe5 Rxb2 38. Re2 Rxe2 1/2-1/2

[Event "TIPC 2017"]
[Site "Roux, Belgium"]
[Date "2017.07.30"]
[Round "2.2"]
[White "Mastalerz, Xavier"]
[Black "Kveinys, Aloyzas"]
[Result "0-1"]
[BlackElo "2542"]
[WhiteElo "2252"]
[LiveChessVersion "1.4.8"]

1. d4 Nf6 2. Nf3 e6 3. e3 c5 4. Bd3 d5 5. c3 Nc6 6. Nbd2 Qc7 7. O-O a6 8. Qe2 h6
9. Re1 Be7 10. h3 O-O 11. dxc5 Bxc5 12. e4 Ba7 13. Bc2 Rd8 14. e5 Nd7 15. Nf1 Nf8
16. Ng3 f5 17. b4 b5 18. Nh5 d4 19. cxd4 Nxd4 20. Nxd4 Rxd4 21. Nf4 Bb7 22. Be3
Rxf4 23. Bxf4 Qc6 24. Qf3 Qxc2 25. Qxb7 Qxf2+ 0-1

[Event "TIPC 2017"]
[Site "Roux, Belgium"]
[Date "2017.07.30"]
[Round "2.3"]
[White "Herman, Jean"]
[Black "Inkiov, Ventzislav"]
[Result "0-1"]
[BlackElo "2459"]
[WhiteElo "2239"]
[LiveChessVersion "1.4.8"]

1. d4 Nf6 2. Nf3 e6 3. c4 d5 4. e3 c5 5. Nc3 Nc6 6. cxd5 exd5 7. Be2 c4 8. Ne5
Bb4 9. O-O O-O 10. Bf3 Bxc3 11. bxc3 Bf5 12. Nxc6 bxc6 13. Re1 Qa5 14. Qd2 Rfb8
15. g3 Ne4 16. Bxe4 Bxe4 17. f4 f5 18. Re2 Rb7 19. h3 h5 20. h4 Rab8 21. Kh2 Qa4
22. Rf2 Rb1 23. Rxb1 Rxb1 24. Kh3 Ra1 25. Kh2 Rxa2 26. Qxa2 Qd1 27. Rg2 Qxc1 28.
Qd2 Qf1 29. Rg1 Qf3 30. Rb1 a5 31. Re1 Bd3 32. Ra1 Be4 33. Re1 Bd3 34. Ra1 a4 35.
Rxa4 Qf1 36. Qg2 Qe1 37. Ra8+ Kh7 38. Ra2 Be4 39. Qg1 Qxc3 40. Qd1 Kh6 41. Qd2
Qb3 42. Ra1 c3 43. Qa2 Qb5 44. Kh3 Qb2 45. g4 hxg4+ 46. Kg3 Kh5 0-1

[Event "TIPC 2017"]
[Site "Roux, Belgium"]
[Date "2017.07.30"]
[Round "2.4"]
[White "Sochacki, Christophe"]
[Black "Vesin, Jean-Robert"]
[Result "1-0"]
[BlackElo "2237"]
[WhiteElo "2451"]
[LiveChessVersion "1.4.8"]

1. b3 Nf6 2. Bb2 g6 3. g3 Bg7 4. Bg2 c5 5. c4 Nc6 6. Nf3 O-O 7. O-O e6 8. d4 d6
9. Nc3 Rb8 10. dxc5 dxc5 11. Qxd8 Rxd8 12. Na4 b6 13. Ne5 Ne7 14. Rad1 Bd7 15.
Nc3 Be8 16. a4 Nd7 17. Nc6 Nxc6 18. Bxc6 Nf6 19. Bg2 Ng4 20. Ba1 Ne5 21. Nb5 Nc6
22. Bxg7 Kxg7 23. Bxc6 Bxc6 24. Nxa7 Be4 25. Rxd8 Rxd8 26. Rc1 Rd2 27. Nc8 Rxe2
28. Nxb6 Bc6 29. f3 Bxf3 30. Nd7 Rg2+ 31. Kf1 Rxh2 32. Rc3 Bc6 33. Nxc5 Ra2 34.
b4 Bxa4 35. b5 Bd1 36. b6 Rb2 37. b7 Ba4 38. Nxa4 Rxb7 39. c5 Kf6 40. Nb6 Ke5 41.
Ke2 Rc7 42. Kd3 f5 43. Rc1 h5 44. Re1+ Kf6 45. Kd4 g5 46. Rh1 Kg6 47. Nc4 f4 48.
gxf4 gxf4 49. Ne5+ Kg5 50. c6 h4 51. Kc5 Kf5 52. Kd6 Rc8 53. Rxh4 1-0

[Event "TIPC 2017"]
[Site "Roux, Belgium"]
[Date "2017.07.30"]
[Round "2.5"]
[White "Navrotescu, Andreea-Christiana"]
[Black "Miezis, Normunds"]
[Result "0-1"]
[BlackElo "2447"]
[WhiteElo "2207"]
[LiveChessVersion "1.4.8"]

1. d4 e6 2. Nf3 b6 3. g3 Bb7 4. Bg2 c5 5. O-O cxd4 6. Nxd4 Bxg2 7. Kxg2 Nf6 8.
Nb5 Qc8 9. N1c3 Qc6+ 10. f3 a6 11. Nd4 Qb7 12. e4 d6 13. a4 Nbd7 14. Re1 Rc8 15.
f4 Be7 16. Qf3 O-O 17. Be3 Rc7 18. Rad1 Rfc8 19. Bf2 Bf8 20. g4 Rxc3 21. bxc3 Nc5
22. e5 dxe5 23. fxe5 Nd5 24. Ne2 Nxa4 25. Bd4 b5 26. Rf1 Nb2 27. Rd2 Nc4 28. Rd3
a5 29. h4 a4 30. Kh3 a3 31. Nc1 Nb2 32. Rd2 Na4 33. Na2 Qc7 34. Rdf2 Naxc3 35.
Nxc3 Nxc3 36. Qxf7+ Qxf7 37. Rxf7 b4 38. R7f2 Be7 39. g5 Nd5 40. Rd2 Rc4 41. Kg3
g6 42. Kf3 h6 43. gxh6 Kh7 44. h5 g5 45. Ke2 Kxh6 46. Kd3 Rc8 47. Rf7 Bc5 48.
Bxc5 Rxc5 49. Ra7 Kxh5 50. Kd4 Rc8 51. Rh2+ Kg4 52. Rg2+ Kf3 53. Rxg5 Rxc2 54.
Rg6 Nf4 55. Rf6 a2 56. Rf8 b3 57. Ra3 Rb2 58. Rb8 Ke2 59. Ke4 Nd3 60. Kd4 Rb1 61.
Rba8 Kd2 62. Rh8 Nc1 63. Rha8 Kc2 64. Rc8+ Kb2 0-1

[Event "TIPC 2017"]
[Site "Roux, Belgium"]
[Date "2017.07.30"]
[Round "2.6"]
[White "Godart, François"]
[Black "Cappon, John"]
[Result "1-0"]
[BlackElo "2197"]
[WhiteElo "2411"]
[LiveChessVersion "1.4.8"]

1. d4 d5 2. Nf3 Nc6 3. g3 Bf5 4. Bg2 Qd7 5. c4 e6 6. O-O f6 7. Nc3 Nge7 8. Qa4 g5
9. Rd1 Bg7 10. b4 Nd8 11. b5 Nf7 12. Nd2 c6 13. Ba3 O-O 14. bxc6 bxc6 15. cxd5
exd5 16. Bxe7 Qxe7 17. Qxc6 Rac8 18. Nxd5 Qxe2 19. Qb7 Kh8 20. Ne3 Bc2 21. Bf3
Nd6 22. Qxc8 1-0

[Event "TIPC 2017"]
[Site "Roux, Belgium"]
[Date "2017.07.30"]
[Round "2.7"]
[White "Kukov, Velislav"]
[Black "Bauduin, Etienne"]
[Result "1/2-1/2"]
[BlackElo "2179"]
[WhiteElo "2386"]
[LiveChessVersion "1.4.8"]

1. Nf3 Nf6 2. g3 g6 3. b3 Bg7 4. Bb2 d5 5. Bg2 O-O 6. c4 c6 7. O-O Bg4 8. d4 Ne4
9. Nfd2 Bf5 10. Nxe4 Bxe4 11. f3 Bf5 12. Qd2 Na6 13. e3 Qd7 14. Nc3 Rad8 15. cxd5
cxd5 16. Ba3 Rfe8 17. f4 Be6 18. Rfc1 Rc8 19. Na4 b6 20. Bf1 Qb7 21. Rxc8 Bxc8
22. Rc1 Bd7 23. Qd3 Nb8 24. Nc3 e6 25. Nb5 Bxb5 26. Qxb5 Rc8 27. Qa4 a5 28. Qb5
Nd7 29. Qa6 Qxa6 30. Bxa6 Rxc1+ 31. Bxc1 Bf8 32. g4 Nf6 33. h3 Bb4 34. a3 Be7 35.
Bd3 h5 36. g5 Ne8 37. a4 Bb4 38. Kf2 Nd6 39. Ke2 Kf8 40. Bd2 Bxd2 41. Kxd2 Nf5
42. Be2 Ke7 43. Kd3 Kd6 44. Bf3 Ne7 45. Bg2 Kd7 46. Kd2 Kd6 47. Bf1 Nf5 48. Bb5
Ke7 49. Bf1 Kd6 50. Bg2 Kd7 51. Kd3 Kd6 52. Bf3 Ne7 53. Be2 Nf5 54. Bf1 Kd7 55.
Bg2 Kd6 56. Bf3 Ne7 57. e4 Kd7 58. Ke3 Kd6 59. Be2 Nc6 60. Bb5 Nb4 61. Bd3 Ke7
62. Bb1 f5 63. e5 1/2-1/2

[Event "TIPC 2017"]
[Site "Roux, Belgium"]
[Date "2017.07.30"]
[Round "2.8"]
[White "Réal, Thibault"]
[Black "Hautot, Stéphane"]
[Result "1/2-1/2"]
[BlackElo "2379"]
[WhiteElo "2178"]
[LiveChessVersion "1.4.8"]

1. e4 g6 2. d4 c6 3. h4 h5 4. c4 d6 5. Nc3 Bg7 6. Be3 Nf6 7. f3 Qc7 8. Qd2 Nbd7
9. Nh3 a6 10. Rc1 c5 11. d5 Ne5 12. Be2 Bd7 13. Nf2 O-O 14. O-O b5 15. b3 b4 16.
Ncd1 Rfb8 17. f4 Neg4 18. Bxg4 Bxg4 19. Nb2 Re8 20. Nbd3 Bd7 21. Rce1 a5 22. f5
Kh7 23. e5 dxe5 24. fxg6+ fxg6 25. Nxc5 Bf5 26. Ncd3 e6 27. dxe6 Rad8 28. Bg5
Rxe6 29. Qe2 Rd4 30. Be3 Ng4 31. Bc1 e4 32. Nf4 Re8 33. Nxg4 Bxg4 34. Qc2 Bf5 35.
Qf2 Rd7 36. Nd5 Qe5 37. Bf4 Qd4 38. Be3 Qe5 39. Bf4 Qd4 40. Be3 1/2-1/2

[Event "TIPC 2017"]
[Site "Roux, Belgium"]
[Date "2017.07.30"]
[Round "2.9"]
[White "Eden, James"]
[Black "Decrop, Benjamin"]
[Result "1-0"]
[BlackElo "2177"]
[WhiteElo "2361"]
[LiveChessVersion "1.4.8"]

1. e4 c5 2. Nf3 e6 3. d4 cxd4 4. Nxd4 Nc6 5. Nc3 Qc7 6. g3 a6 7. Bg2 Nf6 8. O-O
Be7 9. Be3 O-O 10. a4 d6 11. h3 Nxd4 12. Bxd4 Bd7 13. Qd2 Bc6 14. a5 Nd7 15. Rfd1
b5 16. axb6 Nxb6 17. b3 Rfc8 18. Ne2 a5 19. Bb2 Qb7 20. Nd4 Bxe4 21. f3 Bg6 22.
Qe2 Bf6 23. f4 d5 24. f5 Bxd4+ 25. Rxd4 Bxf5 26. c4 Be4 27. Rxe4 dxe4 28. Bxe4
Qc7 29. Be5 Qc5+ 30. Kh2 f6 31. Bc3 Ra7 32. Bc2 e5 33. Rf1 Nd5 34. Bd2 Re7 35.
Bf5 Nb4 36. Be3 Qc6 37. Rd1 Rb8 38. Rd2 g6 39. Qg4 Kh8 40. Bd7 Qc7 41. Bb5 Rd8
42. Rf2 Rf8 43. Bh6 Qb6 44. Qf3 e4 45. Qe2 e3 46. Bxf8 Re5 47. Rf3 Nc2 48. c5 Qb7
49. c6 Qb6 50. Qxc2 Qxb5 51. c7 Re8 52. c8=Q Rxc8 53. Qxc8 Qe2+ 54. Kg1 1-0

[Event "TIPC 2017"]
[Site "Roux, Belgium"]
[Date "2017.07.30"]
[Round "2.10"]
[White "Verstraeten, Rein"]
[Black "Werner, Ivan"]
[Result "1-0"]
[BlackElo "2131"]
[WhiteElo "2316"]
[LiveChessVersion "1.4.8"]

1. d4 Nf6 2. c4 g6 3. g3 Bg7 4. Bg2 d5 5. cxd5 Nxd5 6. e4 Nb6 7. Ne2 O-O 8. O-O
Nc6 9. d5 Na5 10. Qe1 Nac4 11. Nbc3 e6 12. b3 Nd6 13. dxe6 fxe6 14. Ba3 e5 15.
Rd1 Bf6 16. Qd2 Qd7 17. f4 Re8 18. f5 g5 19. Nd5 Nxd5 20. Qxd5+ Kg7 21. Nc3 Rd8
22. Bb2 Qe8 23. Qc5 Rd7 24. Nd5 b6 25. Qc3 c5 26. b4 Ba6 27. bxc5 Rc8 28. c6 Rdd8
29. c7 Rd7 30. Nxf6 Kxf6 31. Qxe5+ Qxe5 32. Bxe5+ Kxe5 33. Rd5+ Kf6 34. e5+ Ke7
35. Rfd1 Nxf5 36. Rxd7+ Ke6 1-0

[Event "TIPC 2017"]
[Site "Roux, Belgium"]
[Date "2017.07.30"]
[Round "2.11"]
[White "Schuermans, Robert"]
[Black "Hamblok, Roel"]
[Result "0-1"]
[BlackElo "2305"]
[WhiteElo "2172"]
[LiveChessVersion "1.4.8"]

1. e4 d6 2. d4 Nf6 3. Nc3 g6 4. f4 Bg7 5. Nf3 O-O 6. Be3 b6 7. e5 Ng4 8. Bg1 c5
9. h3 Nh6 10. d5 Bb7 11. Qd2 Nf5 12. Bh2 dxe5 13. fxe5 e6 14. d6 Nd7 15. Be2 Rb8
16. O-O-O Bxf3 17. gxf3 Nxe5 18. d7 Qh4 19. Ne4 Rbd8 20. Bxe5 Bxe5 21. Qd3 Qf4+
22. Kb1 Ne3 23. Rdg1 c4 24. Qd2 b5 25. h4 Nd5 26. Qa5 Rxd7 27. Qxb5 Rb8 0-1

[Event "TIPC 2017"]
[Site "Roux, Belgium"]
[Date "2017.07.30"]
[Round "2.12"]
[White "Lacroix, Bruno"]
[Black "Tomov, Georgi"]
[Result "0-1"]
[BlackElo "2273"]
[WhiteElo "2150"]
[LiveChessVersion "1.4.8"]

1. d4 Nf6 2. Nf3 d5 3. e3 Bf5 4. c4 e6 5. Qb3 Nc6 6. Bd2 Rb8 7. Nc3 Be7 8. cxd5
exd5 9. Be2 O-O 10. O-O a6 11. Rac1 Bd6 12. Rfd1 Ne4 13. Kf1 Nxc3 14. Bxc3 Ne7
15. Bb4 c6 16. Qa3 Nc8 17. Bc5 Re8 18. Bxd6 Nxd6 19. b4 Bg4 20. Qb2 Bxf3 21. Bxf3
Nc4 22. Qb1 Qf6 23. Kg1 g6 24. a4 Kg7 25. Rc3 Qd6 26. e4 dxe4 27. Bxe4 Nb2 28.
Qxb2 Rxe4 29. f3 Re7 30. d5 cxd5 31. Rcd3+ Qf6 32. Qxf6+ Kxf6 33. Rxd5 Rc8 34. b5
Re2 35. Rd6+ Kg7 36. bxa6 bxa6 37. R6d2 Rxd2 38. Rxd2 Rc4 39. Ra2 Kf6 40. Kf2 a5
41. g4 Ke5 42. Kg3 g5 43. Re2+ Kd6 44. Rd2+ Kc6 45. Re2 Rxa4 46. Re7 Rb4 47. Rxf7
Rb7 48. Rf5 Ra7 49. Rxg5 a4 50. Re5 a3 51. Re1 a2 52. Ra1 Kd5 53. h4 Kc4 54. g5
Kb3 55. Kg4 Kb2 56. Rxa2+ Rxa2 57. h5 Kc3 58. g6 h6 59. f4 Kd4 60. Kf5 Ke3 61.
Kg4 Ke4 0-1

[Event "TIPC 2017"]
[Site "Roux, Belgium"]
[Date "2017.07.30"]
[Round "2.13"]
[White "Dauw, Sterre"]
[Black "Geenen, Marc"]
[Result "0-1"]
[BlackElo "2258"]
[WhiteElo "1846"]
[LiveChessVersion "1.4.8"]

1. e4 e5 2. Nf3 Nc6 3. d4 exd4 4. Nxd4 Bc5 5. Nxc6 bxc6 6. Bd3 Qh4 7. Qf3 Nf6 8.
Bf4 d6 9. O-O Bg4 10. Bg3 Qg5 11. Qf4 h6 12. h3 Nh5 13. Qxg5 hxg5 14. Bh2 Bd7 15.
g4 Nf4 16. Bxf4 gxf4 17. Kg2 f3+ 18. Kg3 Bd4 19. Nc3 Be5+ 20. Kxf3 Rxh3+ 21. Kg2
Rh2+ 22. Kg1 Rh4 23. f3 Rb8 24. Nd1 Ke7 25. c3 Rbh8 26. Kf2 Rh2+ 27. Ke3 g5 28.
Rf2 Bf4+ 29. Ke2 Bg3 30. Rxh2 Rxh2+ 31. Kf1 Rd2 32. Be2 d5 33. exd5 cxd5 34. Ne3
Bf4 35. Nf5+ Bxf5 36. gxf5 Rxb2 37. Rd1 Bd2 38. c4 d4 39. Bd3 Be3 40. Be4 Kd6 41.
Rb1 Rxb1+ 42. Bxb1 Kc5 43. Bc2 Kxc4 44. Bb3+ Kc3 45. Bxf7 d3 46. Ke1 Bf4 47. f6
Be5 48. Bd5 Bxf6 49. Bc6 Kc2 50. Ba4+ Kc1 51. Bb3 c5 0-1